000 00282nam a22001337a 4500
003 SGT
082 _a004.22.MAN
100 _aMANO, MORRIS
245 _aCOMPTER SYSTEM ARCHITECTURE
250 _a3RD
260 _bPRENTICE HALL OF INDIA
_c2001
300 _a524
942 _2ddc
_cRARE
999 _c34795
_d34795